000 00426nam a22001817a 4500
003 OSt
005 20220401142744.0
008 220117b |||||||| |||| 00| 0 eng d
020 _a9788126509331
040 _cHU
082 _a620.0042
100 _aRavindran A
_9110
245 _aEngineering Optimization Methods A nd Application
250 _a2ed
260 _aIndia
_bIndia
300 _f667
942 _2ddc
_cBOOKS
_n0
999 _c27332
_d27332